One San Antonio Spurs Player By Season - Statistics

General Stats
  • This quiz has been taken 599 times
    61 since last reset
  • The average score is 40 of 50
Answer Stats
Season Players Full List % Correct
2025-26 Victor Wembanyama | De'Aaron Fox | Stephon Castle | Devin Vassell | Keldon Johnson | Dylan Harper | Julian Champagnie | Harrison Barnes | Luke Kornet | Carter Bryant | Jeremy Sochan | Kelly Olynyk | Riley Minix | David Jones García | Lindy Waters III | Jordan McLaughlin | Harrison Ingram | Stanley Umude | Bismack Biyombo | Mason Plumlee
100%
2024-25 De'Aaron Fox | Victor Wembanyama | Devin Vassell | Chris Paul | Harrison Barnes | Stephon Castle | Jeremy Sochan | Keldon Johnson | Julian Champagnie | Bismack Biyombo | Tre Jones | Blake Wesley | Zach Collins | Sandro Mamukelashvili | Charles Bassey | Malaki Branham | Riley Minix | Harrison Ingram | Jordan McLaughlin | David Duke Jr. | Sidy Cissoko
100%
2023-24 Victor Wembanyama | Devin Vassell | Tre Jones | Keldon Johnson | Sandro Mamukelashvili | Charles Bassey | RaiQuan Gray | Mamadi Diakite | Zach Collins | Julian Champagnie | Cedi Osman | Dominick Barlow | Sidy Cissoko | David Duke Jr. | Jamaree Bouyea | Devonte' Graham | Doug McDermott | Blake Wesley | Jeremy Sochan | Malaki Branham
100%
2022-23 Keldon Johnson | Devin Vassell | Tre Jones | Jakob Poeltl | Jeremy Sochan | Joshua Primo | Josh Richardson | Zach Collins | Doug McDermott | Romeo Langford | Malaki Branham | Keita Bates-Diop | Charles Bassey | Stanley Johnson | Gorgui Dieng | Blake Wesley | Isaiah Roby | Jordan Hall | Alize Johnson | Dominick Barlow | Devonte' Graham | Sandro Mamukelashvili | Julian Champagnie
91%
2021-22 Dejounte Murray | Keldon Johnson | Derrick White | Jakob Poeltl | Devin Vassell | Doug McDermott | Lonnie Walker IV | Tyler Johnson | Bryn Forbes | Zach Collins | Keita Bates-Diop | Joshua Primo | Thaddeus Young | Josh Richardson | Tre Jones | Drew Eubanks | Jock Landale | Juancho Hernangómez | Devontae Cacok | Joe Wieskamp | Jaylen Morris | Anthony Lamb | Romeo Langford | Romeo Langford
91%
2020-21 DeMar DeRozan | LaMarcus Aldridge | Dejounte Murray | Derrick White | Patty Mills | Keldon Johnson | Lonnie Walker | Rudy Gay | Jakob Poeltl | Drew Eubanks | Devin Vassell | Trey Lyles | Tre Jones | Luka Šamanić | Keita Bates-Diop | Quinndary Weatherspoon | Gorgui Dieng | Cameron Reynolds
91%
2017-18 Tony Parker | Manu Ginóbili | Kawhi Leonard | LaMarcus Aldridge | Pau Gasol | Danny Green | Dejounte Murray | Patty Mills | Rudy Gay | Kyle Anderson | Bryn Forbes | Dāvis Bertāns | Joffrey Lauvergne | Brandon Paul | Derrick White | Matt Costello | Darrun Hilliard
91%
2016-17 Tony Parker | Manu Ginóbili | Kawhi Leonard | LaMarcus Aldridge | Pau Gasol | Danny Green | Dejounte Murray | Patty Mills | David Lee | Jonathon Simmons | Dewayne Dedmon | Kyle Anderson | Dāvis Bertāns | Nicolás Laprovíttola | Bryn Forbes | Joel Anthony
89%
2015-16 Tim Duncan | Tony Parker | Manu Ginóbili | Kawhi Leonard | LaMarcus Aldridge | Boris Diaw | Danny Green | Patty Mills | David West | Kevin Martin | Kyle Anderson | Jonathon Simmons | Andre Miller | Boban Marjanović | Rasual Butler | Ray McCallum | Matt Bonner
89%
2014-15 Tim Duncan | Tony Parker | Manu Ginóbili | Kawhi Leonard | Boris Diaw | Danny Green | Patty Mills | Marco Belinelli | Tiago Splitter | Cory Joseph | Aron Baynes | Matt Bonner | Kyle Anderson | Austin Daye | Jeff Ayres | JaMychal Green | Reggie Williams
89%
2013-14 Tim Duncan | Tony Parker | Manu Ginóbili | Kawhi Leonard | Boris Diaw | Danny Green | Patty Mills | Marco Belinelli | Tiago Splitter | Malcolm Thomas | Cory Joseph | Jeff Ayres | Nando De Colo | Matt Bonner | Shannon Brown | Damion James | Aron Baynes | Othyus Jeffers | Austin Daye
89%
2012-13 Tim Duncan | Tony Parker | Manu Ginóbili | Kawhi Leonard | Boris Diaw | Danny Green | Stephen Jackson | Tiago Splitter | Gary Neal | DeJuan Blair | Cory Joseph | Matt Bonner | Nando De Colo | Patty Mills | James Anderson | Aron Baynes
89%
2011-12 Tim Duncan | Tony Parker | Manu Ginóbili | Kawhi Leonard | Boris Diaw | Danny Green | Stephen Jackson | Richard Jefferson | Patty Mills | Gary Neal | DeJuan Blair | Matt Bonner | Tiago Splitter | Derrick Byars | T.J. Ford | James Anderson | Eric Dawson | Justin Dentmon | Cory Joseph | Ike Diogu | Malcolm Thomas
89%
2007-08 Tim Duncan | Tony Parker | Manu Ginóbili | Bruce Bowen | Michael Finley | Fabricio Oberto | Robert Horry | Matt Bonner | Kurt Thomas | Ime Udoka | Brent Barry | Jacque Vaughn | Damon Stoudamire | Francisco Elson | Darius Washington | Bobby Jones | Jeremy Richardson | DerMarr Johnson | Keith Langford | Ian Mahinmi | Marcus Williams
89%
2010-11 Tim Duncan | Tony Parker | Manu Ginóbili | Danny Green | Richard Jefferson | George Hill | Matt Bonner | DeJuan Blair | Gary Neal | Antonio McDyess | Tiago Splitter | James Anderson | Steve Novak | Othyus Jeffers | Bobby Simmons | Chris Quinn | Garrett Temple | Ime Udoka | Larry Owens | Alonzo Gee
88%
2009-10 Tim Duncan | Tony Parker | Manu Ginóbili | Michael Finley | Richard Jefferson | George Hill | Antonio McDyess | Keith Bogans | Roger Mason | DeJuan Blair | Matt Bonner | Garrett Temple | Theo Ratliff | Cedric Jackson | Malik Hairston | Ian Mahinmi | Marcus Haislip
88%
2002-03 Tim Duncan | David Robinson | Tony Parker | Manu Ginóbili | Bruce Bowen | Stephen Jackson | Malik Rose | Steve Smith | Speedy Claxton | Steve Kerr | Kevin Willis | Danny Ferry | Anthony Goldwire | Mengke Bateer | Devin Brown
88%
2000-01 Tim Duncan | David Robinson | Sean Elliott | Avery Johnson | Antonio Daniels | Derek Anderson | Malik Rose | Danny Ferry | Terry Porter | Samaki Walker | Steve Kerr | Jaren Jackson | Ira Newble | Derrick Dial | Shawnelle Scott
88%
1999-00 Tim Duncan | David Robinson | Sean Elliott | Avery Johnson | Terry Porter | Mario Elie | Jaren Jackson | Chucky Brown | Jerome Kersey | Malik Rose | Antonio Daniels | Samaki Walker | Derrick Dial | Steve Kerr | Felton Spencer
88%
1998-99 Tim Duncan | David Robinson | Sean Elliott | Avery Johnson | Mario Elie | Jaren Jackson | Steve Kerr | Jerome Kersey | Antonio Daniels | Malik Rose | Will Perdue | Gerard King | Andrew Gaze | Brandon Williams
88%
2008-09 Tim Duncan | Tony Parker | Manu Ginóbili | Bruce Bowen | Michael Finley | George Hill | Fabricio Oberto | Matt Bonner | Desmon Farmer | Kurt Thomas | Drew Gooden | Roger Mason | Ime Udoka | Anthony Tolliver | Malik Hairston | Jacque Vaughn | Austin Croshere | Pops Mensah-Bonsu | Blake Ahearn | Marcus Williams
86%
2006-07 Tim Duncan | Tony Parker | Manu Ginóbili | Bruce Bowen | Michael Finley | Brent Barry | Fabricio Oberto | Robert Horry | Matt Bonner | Francisco Elson | James White | Beno Udrih | Jacque Vaughn | Melvin Ely | Jackie Butler | Eric Williams
86%
2005-06 Tim Duncan | Tony Parker | Manu Ginóbili | Bruce Bowen | Michael Finley | Robert Horry | Rasho Nesterović | Nazr Mohammed | Brent Barry | Nick Van Exel | Beno Udrih | Fabricio Oberto | Sean Marks | Melvin Sanders | Alex Scales
86%
2004-05 Tim Duncan | Tony Parker | Manu Ginóbili | Bruce Bowen | Rasho Nesterović | Brent Barry | Robert Horry | Devin Brown | Nazr Mohammed | Glenn Robinson | Malik Rose | Beno Udrih | Tony Massenburg | Sean Marks | Dion Glover | Linton Johnson | Mike Wilks
86%
2003-04 Tim Duncan | Tony Parker | Manu Ginóbili | Bruce Bowen | Rasho Nesterović | Hedo Türkoğlu | Malik Rose | Anthony Carter | Robert Horry | Ron Mercer | Jason Hart | Shane Heal | Charlie Ward | Devin Brown | Kevin Willis | Matt Carroll | Alex Garcia
86%
2001-02 Tim Duncan | David Robinson | Tony Parker | Bruce Bowen | Steve Smith | Antonio Daniels | Malik Rose | Charles Smith | Terry Porter | Danny Ferry | Stephen Jackson | Jason Hart | Mark Bryant | Amal McCaskill | Cherokee Parks
86%
2019-20 DeMar DeRozan | LaMarcus Aldridge | Dejounte Murray | Derrick White | Patty Mills | Rudy Gay | Keldon Johnson | Lonnie Walker | Bryn Forbes | Trey Lyles | Jakob Poeltl | Luka Šamanić | Marco Belinelli | Drew Eubanks | DeMarre Carroll | Quinndary Weatherspoon | Chimezie Metu | Tyler Zeller
84%
2018-19 DeMar DeRozan | LaMarcus Aldridge | Derrick White | Patty Mills | Pau Gasol | Rudy Gay | Dāvis Bertāns | Marco Belinelli | Bryn Forbes | Jakob Poeltl | Dante Cunningham | Lonnie Walker | Quincy Pondexter | Chimezie Metu | Drew Eubanks | Donatas Motiejūnas
84%
1997-98 Tim Duncan | David Robinson | Sean Elliott | Avery Johnson | Vinny Del Negro | Jaren Jackson | Chuck Person | Will Perdue | Monty Williams | Cory Alexander | Brad Lohaus | Reggie Geary | Carl Herrera | Malik Rose | Willie Burton
84%
1996-97 David Robinson | Sean Elliott | Avery Johnson | Dominique Wilkins | Vernon Maxwell | Vinny Del Negro | Will Perdue | Carl Herrera | Monty Williams | Greg Anderson | Cory Alexander | Charles Smith | Jamie Feick | Gaylon Nickerson | Jason Sasser | Stephen Howard | Joe Courtney | Darrin Hancock | Devin Gray | Tim Kempton
79%
1995-96 David Robinson | Sean Elliott | Avery Johnson | Vinny Del Negro | Chuck Person | Charles Smith | J.R. Reid | Will Perdue | Doc Rivers | Cory Alexander | Carl Herrera | Brad Lohaus | Greg Anderson | Monty Williams | Dell Demps
79%
1994-95 David Robinson | Sean Elliott | Avery Johnson | Dennis Rodman | Vinny Del Negro | Chuck Person | J.R. Reid | Terry Cummings | Doc Rivers | Willie Anderson | Moses Malone | Chris Whitney | Corey Crowder | Jack Haley | Howard Eisley | Julius Nwosu
79%
1993-94 David Robinson | Dennis Rodman | Dale Ellis | Willie Anderson | Vinny Del Negro | Negele Knight | Terry Cummings | J.R. Reid | Lloyd Daniels | Sleepy Floyd | Antoine Carr | Chris Whitney | Jack Haley | Chuck Nevitt
79%
1992-93 David Robinson | Sean Elliott | Dale Ellis | Antoine Carr | Avery Johnson | J.R. Reid | Vinny Del Negro | Lloyd Daniels | Willie Anderson | Sidney Green | Larry Smith | Matt Othick | Terry Cummings | David Wood | Sam Mack | William Bedford
79%
1991-92 David Robinson | Sean Elliott | Rod Strickland | Avery Johnson | Terry Cummings | Willie Anderson | Antoine Carr | Vinnie Johnson | Tom Garrick | Trent Tucker | Sidney Green | Paul Pressey | Jud Buechler | Donald Royal | Greg Sutton | Tony Massenburg | Sean Higgins | Morlon Wiley | Tom Copa | Steve Bardo
79%
1990-91 David Robinson | Sean Elliott | Rod Strickland | Willie Anderson | Terry Cummings | Paul Pressey | David Wingate | Sidney Green | Dave Greenwood | Reggie Williams | Avery Johnson | Byron Dinkins | Clifford Lett | Pete Myers | Dwayne Schintzius | Sean Higgins | Tony Massenburg
79%
1989-90 David Robinson | Sean Elliott | Rod Strickland | Maurice Cheeks | Terry Cummings | Willie Anderson | David Wingate | Vernon Maxwell | Frank Brickowski | Caldwell Jones | Johnny Moore | Jeff Lebo | Uwe Blab | Reggie Williams | Žarko Paspalj | Chris Welp
79%
1976-77 George Gervin | Larry Kenon | Billy Paultz | Mike Gale | Allan Bristow | Mark Olberding | Coby Dietrick | Louie Dampier | Mack Calvin | James Silas | Louie Nelson | George Karl | Henry Ward | Mike D'Antoni
74%
1984-85 George Gervin | Artis Gilmore | Alvin Robertson | Mike Mitchell | Johnny Moore | David Thirdkill | Gene Banks | Marc Iavaroni | Edgar Jones | John Paxson | Jeff Cook | Fred Roberts | Ozell Jones | Billy Knight | Ron Brewer | Linton Townes | Mark McNamara
72%
1983-84 George Gervin | Artis Gilmore | Mike Mitchell | John Lucas | Gene Banks | Johnny Moore | Edgar Jones | Ron Brewer | Fred Roberts | Mark McNamara | Keith Edmonson | Kevin Williams | John Paxson | Dave Robisch | Dave Batton | Darrell Lockhart | Brant Weidner | Steve Lingenfelter | Bob Miller | Roger Phegley
72%
1982-83 George Gervin | Artis Gilmore | Billy Paultz | Mike Mitchell | Mike Dunleavy | Gene Banks | Johnny Moore | Edgar Jones | Bill Willoughby | Paul Griffin | Mike Sanders | Geoff Crompton | Roger Phegley | Ed Rains | Jim Johnstone | Coby Dietrick | Oliver Robinson | Robert Smith
72%
1981-82 George Gervin | Mike Mitchell | Johnny Moore | Dave Corzine | Mark Olberding | Reggie Johnson | Ron Brewer | Gene Banks | George Johnson | Mike Bratz | Paul Griffin | Ed Rains | John Lambert | Roger Phegley | Kevin Restani | Steve Hayes | Rich Yonakor
72%
1980-81 George Gervin | James Silas | Dave Corzine | Mark Olberding | George Johnson | John Shumate | Paul Griffin | Reggie Johnson | Ron Brewer | Johnny Moore | Mike Gale | Kevin Restani | Gus Gerard | Michael Wiley
72%
1979-80 George Gervin | Larry Kenon | James Silas | Billy Paultz | John Shumate | Mark Olberding | Kevin Restani | Paul Griffin | Mike Gale | Mike Evans | Tim Bassett | Wiley Peck | Sylvester Norris | Irv Kiffin | Harry Davis
72%
1978-79 George Gervin | Larry Kenon | James Silas | Billy Paultz | Mike Gale | Mark Olberding | Mike Green | Coby Dietrick | Allan Bristow | Frankie Sanders | Louie Dampier | Glenn Mosley
72%
1977-78 George Gervin | Larry Kenon | Billy Paultz | Mike Gale | Louie Dampier | Coby Dietrick | Mark Olberding | Allan Bristow | Mike Green | Jim Eakins | Mo Layton | James Silas | Scott Sims | George Karl
72%
1985-86 Artis Gilmore | Alvin Robertson | Mike Mitchell | Johnny Moore | Dave Greenwood | Steve Johnson | Wes Matthews | Jeff Lamp | Jeff Wilkins | Ray Williams | Jon Sundvold | Marc Iavaroni | Alfredrick Hughes | Rod Higgins | Tyrone Corbin | Jeff Cook | Ennis Whatley | Mike Brittain
51%
1988-89 Alvin Robertson | Willie Anderson | Johnny Dawkins | Greg Anderson | Frank Brickowski | Vernon Maxwell | Anthony Bowie | Dave Greenwood | Jay Vincent | Darwin Cook | Michael Anderson | Calvin Natt | Albert King | Dallas Comegys | Todd Mitchell | Mike Smrek | Pétur Guðmundsson | Shelton Jones | Jerome Whitehead | Scott Roth | Keith Smart | John Stroeder
44%
1986-87 Artis Gilmore | Alvin Robertson | Mike Mitchell | Mychal Thompson | Dave Greenwood | Tyrone Corbin | Jon Sundvold | Walter Berry | Johnny Moore | Johnny Dawkins | Ed Nealy | Anthony Jones | Larry Krystkowiak | Frank Brickowski | Kevin Duckworth | Forrest McKenzie | Mike Brittain
44%
1987-88 Alvin Robertson | Johnny Dawkins | Frank Brickowski | Mike Mitchell | Dave Greenwood | Walter Berry | Greg Anderson | Leon Wood | Ricky Wilson | Jon Sundvold | Pete Myers | Pétur Guðmundsson | Johnny Moore | Kurt Nimphius | Ed Nealy | Charles Davis | Nate Blackwell | Richard Rellford | Phil Zevenbergen
39%
No matching quizzes found
Score Distribution
Percent of People with Each Score
Percentile by Number Answered
Your Score History
You have not taken this quiz since the last reset